Statistics for Countries by a Single Clue #2

Click here to take the quiz!

General Stats

  • This quiz has been taken 31,176 times
  • The average score is 12 of 20

Answer Stats

Clue Country % Correct
Called "The Land Down Under"Australia
97%
Smallest country in the worldVatican City
92%
Monte Carlo is a neighborhood in this city stateMonaco
80%
Largest island in the Indian OceanMadagascar
75%
Home to the Angkor Wat temple complexCambodia
75%
Its northern border is a DMZSouth Korea
75%
Owns about 2/3rds of the region of PatagoniaArgentina
72%
Broke away from Serbia in 2008Kosovo
69%
Its capital has the initials KLMalaysia
67%
Southernmost country in the Caribbean SeaTrinidad and Tobago
67%
African island country uninhabited until discovered by PortugalCape Verde
67%
Least-populous country in the AlpsLiechtenstein
61%
Historically called "White Russia"Belarus
60%
Its second largest city is MombasaKenya
53%
Has won the most Olympic gold medals in alpine skiingAustria
53%
Its capital is LuandaAngola
44%
Has the cities of Dunedin, Rotorua, and WhangareiNew Zealand
43%
Its two largest cities both start with HVietnam
37%
Invaded by the United States in 1983Grenada
32%
80% of the country was strip-mined for phosphateNauru
18%

Score Distribution

Percentile by Number Answered

Percent of People with Each Score

Your Score History

You have not taken this quiz